000 00670cab a22001935a 4500
001 L154492
008 111214s2012 xxk 000 0 eng d
035 _a(Sirsi) u154492
041 0 _aeng
100 1 _aParnham, Phil
245 0 0 _aSpotlight on solar
260 _c2012
490 _aResidential Property Journal
_vJanuary-February 2012, 4-8(3),
520 _aAdvises chartered surveyors on how to assess solar PV installations. Looks at Feed-in Tariff (FIT) scheme and solar PV installations, legal aspects and Building Regulations.
590 _aKA
651 4 _aEngland and Wales
_y1543-
690 _aENVIRONMENTAL AND LAND CONSULTANCY-ENERGY
942 _n0
999 _c83640
_d83640